000 00594nam a22001817a 4500
999 _c188300
_d188300
005 20220517173129.0
010 _aENG-132655
020 _a9788187364498
_c50.00
035 _aEN-116187
037 _bDBAD/PUB
082 _a881
100 _aRani, S. Sarathjyothsna
245 _aSpring Blooms/
_cS. Sarathjyothsna Rani and Translated by Swatee Sripada
260 _aTelangana
_bV V Ramana
_c2016
270 _bTelangana
_aH.No. 1-9-34/4, Road No. 7, Flat No. 101, Sai Prasanna Apartments, Vidya Nagar
_e500044
300 _a34p.
_c21cm(pbk)
942 _2ddc
_cEN
_h881
_mRAN